| 000 | 00994cad a22002295a 4500 | ||
|---|---|---|---|
| 001 | E149849 | ||
| 008 | 100505s2010 xxkado f s 000 0 eng d | ||
| 035 | _a(Sirsi) u149849 | ||
| 041 | 0 | _aeng | |
| 050 | 0 | 4 | _a333.33 $2 18 |
| 110 | 2 |
_aLambert Smith Hampton _92865 |
|
| 245 | 0 | 0 |
_aGlasgow office market _bissue 1, 2010 _h[electronic resource] |
| 260 |
_aGlasgow _bLambert Smith Hampton _c2010 |
||
| 490 | 0 |
_aLambert Smith Hampton Glasgow Office Market _v(1) 2010 |
|
| 520 | _aLooks at Glasgow as an investment location, and reports on significant deals which took place in 2009. Also examines when growth will return to the Scottish economy. Includes Glasgow office market statistics for April 2010. | ||
| 521 | _aAdvanced | ||
| 590 | _aKA | ||
| 651 | 4 | _aGlasgow | |
| 690 | _aPROPERTY-COMMERCIAL PROPERTY-COMMERCIAL PROPERTY MARKET | ||
| 856 | 4 | 0 |
_uhttps://www.lsh.co.uk/images/cms/glasgowofficemarketreport.pdf _zView the report free of charge (pdf file) at www.lsh.co.uk... |
| 942 | _n0 | ||
| 999 |
_c110650 _d110650 |
||